| 000 | 00560nam a2200205Ia 4500 | ||
|---|---|---|---|
| 008 | 160517s9999 xx 000 0 und d | ||
| 020 | _a978-97193666-3-8 | ||
| 050 | _aComSc T 58.5 | ||
| 050 | _b.B37 2007 | ||
| 245 | _aBasic foundation of information technology / | ||
| 245 | _cGisela May. A. Albano… [et al] | ||
| 260 | _aPasig City : | ||
| 260 | _bUnlad Pub. House, | ||
| 260 | _c2007 | ||
| 300 | _a320 pages : | ||
| 300 | _bill. ; | ||
| 300 | _c25 cm. | ||
| 500 | _aIncludes bibliographical references. | ||
| 650 | _aInformation technology. | ||
| 999 |
_c294119 _d294119 |
||